| 000 | 00593nam a2200205Ia 4500 | ||
|---|---|---|---|
| 003 | GCL | ||
| 008 | 140319s9999 xx 000 0 ara d | ||
| 040 |
_aGCL / _cGCL |
||
| 082 | 0 | 4 |
_a597.3 _bح ا |
| 100 | 1 | _aحسين فرج زين الدين | |
| 245 | 1 | 0 |
_aالاسماك الغضروفية / _cحسين فرج زين الدين |
| 260 |
_a[S.N] : _bدار الفكر العربى ، _c1994 |
||
| 300 | _a101 ص | ||
| 490 | _a | ||
| 650 | 0 | 4 | _aالفقاريات |
| 650 | 0 | 4 | _aالتشريح |
| 650 | 0 | 4 | _aالاسماك |
| 650 | 0 | 4 | _aالاحياء المائية |
| 942 |
_2ddc _cBK |
||
| 999 |
_c28619 _d28619 |
||